Guia de l'Arxiu Històric Nacional
Descripción Física:
149 p. : il., col. ; 21 cm
Materias:
Arxiu Nacional d'Andorra -- Guies
MARC
| LEADER | 00000nam a2200000Ia 4500 | ||
|---|---|---|---|
| 001 | 11967 | ||
| 003 | BGR | ||
| 005 | 20260324175328.0 | ||
| 008 | 160829s1998 xx 000 0 cat d | ||
| 080 | |a A-2-32 | ||
| 110 | 1 | |a Arxiu Nacional d'Andorra |9 70452 | |
| 245 | |a Guia de l'Arxiu Històric Nacional | ||
| 260 | |a Andorra : |b Govern d'Andorra, Arxiu Històric Nacional, |c 1998 | ||
| 300 | |a 149 p. : |b il., col. ; |c 21 cm | ||
| 650 | |a Arxiu Nacional d'Andorra |x Guies |9 27297 | ||
| 901 | |a Arxiu | ||
| 942 | |n 1 |2 udc |c MON | ||
| 952 | |0 0 |1 0 |4 0 |6 A232 |7 1 |9 44341 |a Arxiu |b Arxiu |d 2016-12-01 |l 0 |o A-2-32 |p 11967 |r 2016-12-01 00:00:00 |w 2016-12-01 |y ARXIU | ||
| 999 | |c 46922 |d 46922 | ||